000 00674nam a2200253Ia 4500
003 OSt
005 20220924132440.0
006 a|||||r|||| 00| 0
007 ta
008 220923b |||||||| |||| 00| 0 san d
024 _a56306
037 _cTextual
040 _aARTS
_cARTS
_bsan
041 _2san
_asan
082 _aP151:4x5:1, 15G8;1
100 _aHemachandra
245 0 _aDesinamamala ed by R Pischel rev by Paravastu Venkata Ramanujaswami
250 _a2nd
260 _c1938
490 _aBombay sanskrit series; 17
650 _aLINGUISTICS
942 _hP151:4x5:1, 15G8;1
_cTEXL
_2CC
999 _c430310
_d430310